Pregnancy and childbirth : (Record no. 122239)

MARC details
000 -LEADER
fixed length control field 00737nam a2200253 a 4500
008 - FIXED-LENGTH DATA ELEMENTS--GENERAL INFORMATION
fixed length control field
020 ## - INTERNATIONAL STANDARD BOOK NUMBER
International Standard Book Number 0380876353 (pbk.)
090 ## - LOCALLY ASSIGNED LC-TYPE CALL NUMBER (OCLC); LOCAL CALL NUMBER (RLIN)
Classification number (OCLC) (R) ; Classification number, CALL (RLIN) (NR) RG571
Local cutter number (OCLC) ; Book number/undivided call number, CALL (RLIN) HOT
003 - CONTROL NUMBER IDENTIFIER
control field
005 - DATE AND TIME OF LATEST TRANSACTION
control field 20230123114500.0
040 ## - CATALOGING SOURCE
Transcribing agency NUST
049 ## - LOCAL HOLDINGS (OCLC)
Holding library MAIN
100 1# - MAIN ENTRY--PERSONAL NAME
Personal name Hotchner, Tracy.
245 10 - TITLE STATEMENT
Title Pregnancy and childbirth :
Remainder of title the complete guide for a new life /
Statement of responsibility, etc. Tracy Hotchner
260 ## - PUBLICATION, DISTRIBUTION, ETC.
Place of publication, distribution, etc. New York. :
Name of publisher, distributor, etc. Avon Books,
Date of publication, distribution, etc. 1979
300 ## - PHYSICAL DESCRIPTION
Extent xxvii, 702 p. :
Other physical details ill. ;
Dimensions 20 cm.
500 ## - GENERAL NOTE
General note Includes index.
500 ## - GENERAL NOTE
General note Includes bibliographical references.
650 #1 - SUBJECT ADDED ENTRY--TOPICAL TERM
Topical term or geographic name entry element Pregnancy.
650 ## - SUBJECT ADDED ENTRY--TOPICAL TERM
Topical term or geographic name entry element Child birth.
700 ## - ADDED ENTRY--PERSONAL NAME
Personal name Blanchard, Karen
907 ## - LOCAL DATA ELEMENT G, LDG (RLIN)
a .b10271740
b 10-05-13
c 18-11-09
942 ## - ADDED ENTRY ELEMENTS (KOHA)
Koha item type Ordinary Loan Books
Call number prefix RG571
Call number suffix HOT
Holdings
Date last seen Total Checkouts Full call number Barcode Cost, replacement price Price effective from Koha item type Lost status Source of classification or shelving scheme Damaged status Not for loan Collection Withdrawn status Home library Current library Shelving location Date acquired Cost, normal purchase price
01/23/2023   RG571 HOT 92004001411 80.00 01/23/2023 BOOKS   LCC     NFIC   Medical Medical GEN 01/23/2023 80.00